Los ecositemas de la lengua escrita en los alumnos del II ciclo de educación general básica en Costa Rica /

التفاصيل البيبلوغرافية
المؤلف الرئيسي: Guzmán Simón, Fernando
مؤلفون آخرون: Moreno Morilla, Celia, García Jiménez, Eduardo
التنسيق: كتاب
اللغة:الإسبانية
منشور في: [Lugar de publicación no identificado] : Universidad de Costa Rica; Universidad de Sevilla, [2014?]
الموضوعات:

MARC

LEADER 00000nam a2200000 4500
008 160511b2014 cr a|||| |||| 00| | spa d
090 |a 06.03.04   |b 2334 
100 1 |9 1743  |a Guzmán Simón, Fernando 
245 1 4 |a Los ecositemas de la lengua escrita en los alumnos del II ciclo de educación general básica en Costa Rica /  |c Fernando Guzmán Simón, Celia Moreno Morilla, Eduardo García Jiménez 
260 |a [Lugar de publicación no identificado] :  |b Universidad de Costa Rica; Universidad de Sevilla,  |c [2014?] 
300 |a 45 páginas;  |b ilustarciones 
500 |a El proyecto de investigación "Los ecosistemas de la lengua escrita en los alumnos del II ciclo de la Educación General Básica en Costa Rica" ha sido fruto de la colaboración de la Universidad de Sevilla (US) con el Instituto de Investigación en Educación (INIE) de la Universidad de Costa Rica (UCR). 
650 1 4 |9 365  |a LECTURA 
650 1 4 |9 1189  |a ESCRITURA 
650 1 4 |9 80  |a ALFABETIZACIÓN 
650 1 4 |9 367  |a EDUCACIÓN PRIMARIA 
700 1 |9 1744  |a Moreno Morilla, Celia 
700 1 |9 1138  |a García Jiménez, Eduardo 
942 |i 004148  |h 06.03.04 2334  |2 z  |c 01 
999 |c 3220  |d 3220